| 000 | 00610nam a2200181Ia 4500 | ||
|---|---|---|---|
| 001 | 21385 | ||
| 005 | 20260306172915.0 | ||
| 008 | 260306t2024||||xx |||||||||||||| ||spa|| | ||
| 041 | _aESP | ||
| 082 |
_a344.83 _bC25 |
||
| 100 |
_aCandia Aguilar, Omar, J., _eAUT |
||
| 245 | 0 |
_aAnálisis doctrinario de los delitos de lavado de activos, organización criminal y la extinción de dominio : _bdoctrina, jurisprudencias, legislación nacional, derecho comparado y tratados internacionales |
|
| 260 | _c2024 | ||
| 300 |
_a378 páginas : _c25 cm. |
||
| 650 | _aGEN | ||
| 654 | _aCDE | ||
| 942 |
_cLIB _dJUS _fJUS _2ddc _n |
||
| 999 |
_c21385 _d21385 |
||